[Event "knights of the square table( all play all )"]
[Site "SchemingMind.com"]
[Date "2013.07.12"]
[Round "-"]
[White "spoke"]
[Black "James Reed"]
[Result "1-0"]
[WhiteCountry "GER"]
[BlackCountry "ENG"]
[WhiteElo "1800"]
[WhiteRD "65"]
[BlackElo "1403"]
[BlackRD "63"]
[GameID "334461"]

1. e4 e5 2. Nf3 Nc6 3. Bc4 Bc5 4. c3 Nf6 5. d4 exd4 6. cxd4 Bb4+ 7. Bd2 Bxd2+ 8. Nbxd2 d5 9. exd5 Nxd5 10. Qb3 Nce7
11. O-O O-O 12. Rfe1 h6 13. Re5 c6 14. Rae1 Be6 15. Qc2 Ng6 16. Rxe6 fxe6 17. Qxg6 Rf6 18. Qg4 Qe8 19. Ne5 Nf4 20. Ne4 h5
21. Nxf6+ Kh8 22. Qxf4 Qe7 23. Ng6#
1-0

[Event "knights of the square table( all play all )"]
[Site "SchemingMind.com"]
[Date "2013.07.12"]
[Round "-"]
[White "James Reed"]
[Black "spoke"]
[Result "0-1"]
[WhiteCountry "ENG"]
[BlackCountry "GER"]
[WhiteElo "1403"]
[WhiteRD "63"]
[BlackElo "1800"]
[BlackRD "65"]
[GameID "334466"]

1. e4 e5 2. Nf3 Nc6 3. Bb5 Bb4 4. c3 Ba5 5. Bxc6 dxc6 6. Nxe5 Qf6 7. Nf3 Ne7 8. h3 Qg6 9. g3 Qxe4+ 10. Qe2 Qxe2+
11. Kxe2 O-O 12. Re1 Bxh3 13. d4 Bg4 14. Nd2 Rfe8 15. b4 Bb6 16. Kf1 Nd5 17. Bb2 a5 18. Rac1 axb4 19. c4 Bh3+ 20. Kg1 Nc3
21. Bxc3 bxc3 22. Nb3 Rxe1+ 23. Nxe1 Rxa2 24. Rxc3 Re2 25. Rc1 Rb2 26. Na1 Bxd4 27. Nac2 c5 28. Nxd4 cxd4 29. Nd3 Rb6 30. Nf4 Bf5
31. Nd5 Rb1 32. Rxb1 Bxb1 33. Kf1 Bd3+ 34. Ke1 Bxc4 35. Nxc7 Kf8 36. Kd2 Ke7 37. f4 Kd7 38. Na8 Kc6 39. Ke1 b5 40. Kd2 Kb7
0-1

[Event "knights of the square table( all play all )"]
[Site "SchemingMind.com"]
[Date "2013.07.14"]
[Round "-"]
[White "emvarela"]
[Black "ray winteringham"]
[Result "1-0"]
[WhiteCountry "ARG"]
[BlackCountry "ENG"]
[WhiteElo "1741"]
[WhiteRD "47"]
[BlackElo "1537"]
[BlackRD "50"]
[GameID "334683"]

1. e4 e5 2. Nf3 Nc6 3. d4 exd4 4. c3 dxc3 5. Bc4 h6 6. Nxc3 Bc5 7. O-O d6 8. Re1 Be6 9. Bxe6 fxe6 10. Be3 Nf6
11. Bxc5 dxc5 12. Qb3 b6 13. Qxe6+ Ne7 14. Ne5 Rf8 15. Nd5 Qd6 16. Qxe7+ Qxe7 17. Nxe7 Kxe7 18. Ng6+ Kf7 19. Nxf8 Rxf8 20. Rad1 Rc8
21. e5 Nh5 22. e6+
1-0

[Event "knights of the square table( all play all )"]
[Site "SchemingMind.com"]
[Date "2013.07.14"]
[Round "-"]
[White "ray winteringham"]
[Black "emvarela"]
[Result "1-0"]
[WhiteCountry "ENG"]
[BlackCountry "ARG"]
[WhiteElo "1537"]
[WhiteRD "50"]
[BlackElo "1741"]
[BlackRD "47"]
[GameID "334690"]

1. e4 e5 2. Nf3 Nc6 3. Bc4 Nf6 4. d3 Bc5 5. Bg5 h6 6. Bh4 d6 7. Bg3 g5 8. Nc3 Be6 9. Bxe6 fxe6 10. O-O Qe7
11. Ne2 O-O-O 12. a3 d5 13. exd5 exd5 14. Re1 e4 15. Nd2 exd3 16. cxd3 Rhe8 17. h3 Nh5 18. Qc2 Nxg3 19. Nxg3 Qxe1+ 20. Rxe1 Rxe1+
21. Kh2 Bxf2 22. Ndf1 Bxg3+ 23. Nxg3 Rde8 24. Qb3 Ne7 25. Nh5 c6 26. Qb4 Nf5 27. Nf6 R8e3 28. Ng4 R3e2 29. Qf8+ Kc7 30. Qxf5 Rxb2
31. Ne5 Ree2 32. Qg4 b5 33. Qd7+ Kb6 34. Qxc6+ Ka5 35. Qc7+
1-0

[Event "knights of the square table( all play all )"]
[Site "SchemingMind.com"]
[Date "2013.07.16"]
[Round "-"]
[White "Scooter"]
[Black "kenneth m day"]
[Result "1-0"]
[WhiteCountry "USA"]
[BlackCountry "USA"]
[WhiteElo "1743"]
[WhiteRD "51"]
[BlackElo "1758"]
[BlackRD "53"]
[GameID "334860"]

1. d4 d5 2. Nf3 e6 3. Bf4 Nf6 4. e3 c5 5. c3 Nc6 6. Bb5 Bd7 7. O-O a6 8. Bxc6 Bxc6 9. Nbd2 Bd6 10. Bxd6 Qxd6
11. Re1 O-O-O 12. Ne5 Qe7 13. dxc5 Nd7 14. Qh5 Nxe5 15. Qxe5 f6 16. Qd4 e5 17. Qg4+ Bd7 18. Qb4 Bb5 19. a4 Bc6 20. Nb3 Rd7
21. Na5 Rc7 22. Nxc6 Rxc6 23. Red1 Rd8 24. Qh4 g5 25. Qg4+ Kb8 26. b4 b6 27. cxb6 Rxb6 28. Qf3 Qe6 29. h3 Rbd6 30. b5 axb5
31. axb5 Rb6 32. c4 e4 33. Qe2 Rd7 34. c5
1-0

[Event "knights of the square table( all play all )"]
[Site "SchemingMind.com"]
[Date "2013.07.20"]
[Round "-"]
[White "simpet"]
[Black "Michal Drus"]
[Result "1-0"]
[WhiteCountry "ENG"]
[BlackCountry "POL"]
[WhiteElo "1710"]
[WhiteRD "57"]
[BlackElo "1644"]
[BlackRD "70"]
[GameID "334861"]

1. e4 c6 2. d4 d5 3. e5 Bf5 4. Bd3 Bxd3 5. Qxd3 e6 6. Nf3 Nd7 7. O-O c5 8. Be3 Qb6 9. b3 a6 10. c4 Ne7
11. cxd5 Nxd5 12. Nc3 Nxe3 13. Qxe3 Be7 14. Na4 Qc7 15. Rac1 b5 16. Nxc5 Nxc5 17. dxc5 h6 18. b4 a5 19. a3 a4 20. Rcd1 O-O
21. Rd4 Rfd8 22. Rfd1 Kh7 23. Qe4+ g6 24. h3 Rd7 25. Rxd7
1-0

[Event "knights of the square table( all play all )"]
[Site "SchemingMind.com"]
[Date "2013.07.17"]
[Round "-"]
[White "kenneth m day"]
[Black "Scooter"]
[Result "0-1"]
[WhiteCountry "USA"]
[BlackCountry "USA"]
[WhiteElo "1758"]
[WhiteRD "53"]
[BlackElo "1743"]
[BlackRD "51"]
[GameID "334870"]

1. e4 c6 2. c4 d5 3. cxd5 cxd5 4. exd5 Qxd5 5. d4 Qd8 6. Nc3 Nf6 7. Bc4 e6 8. Nf3 Be7 9. O-O O-O 10. Bf4 a6
11. Re1 b5 12. Bb3 Bb7 13. Ne5 Nc6 14. Nxc6 Bxc6 15. Rc1 Rc8 16. Rc2 Bb4 17. Bg5 h6 18. Be3 a5 19. Rce2 Nd5 20. a3 Bxc3
21. bxc3 Nxc3 22. Qd3 Nxe2+ 23. Rxe2 Bd5 24. Bc2 f5 25. Re1 Be4 26. Qxb5 Rxc2 27. Qe5 Qf6 28. Qg3 Rfc8 29. h3 Ra2 30. Qd6 Qg6
31. g3 Rc6 32. Qb8+ Kh7 33. Qf8 Qh5
0-1

[Event "knights of the square table( all play all )"]
[Site "SchemingMind.com"]
[Date "2013.07.20"]
[Round "-"]
[White "Michal Drus"]
[Black "simpet"]
[Result "0-1"]
[WhiteCountry "POL"]
[BlackCountry "ENG"]
[WhiteElo "1644"]
[WhiteRD "70"]
[BlackElo "1710"]
[BlackRD "57"]
[GameID "334871"]

1. e4 e5 2. Nf3 Nc6 3. Bb5 d6 4. Bxc6+ bxc6 5. d4 Bg4 6. O-O Nf6 7. c3 Nxe4 8. h3 Bh5 9. dxe5 dxe5 10. Qxd8+ Rxd8
11. Nxe5 Rd6 12. Bf4 Re6 13. Re1 Nc5 14. Nd2 Bd6 15. g4 Bg6 16. Nxg6 fxg6 17. b4 Bxf4 18. Rxe6+ Nxe6 19. Nc4 O-O 20. Re1 Ng5
21. Kg2 h5 22. Ne5 Re8 23. Nf3 Rxe1 24. Nxe1 Bd2
0-1

[Event "knights of the square table( all play all )"]
[Site "SchemingMind.com"]
[Date "2013.07.22"]
[Round "-"]
[White "Kenny Elliott"]
[Black "cnile"]
[Result "0-1"]
[WhiteCountry "USA"]
[BlackCountry "SCO"]
[WhiteElo "1360"]
[WhiteRD "103"]
[BlackElo "1440"]
[BlackRD "66"]
[GameID "335164"]

1. d4 Nf6 2. c4 c5 3. dxc5 Qa5+ 4. Nc3 Qxc5 5. e3 Nc6 6. Nf3 e5 7. e4 Be7 8. Bd3 O-O 9. O-O d6 10. Be3 Nd4
11. Bxd4 exd4 12. Nd5 Bd7 13. Nxe7+ Kh8 14. Rb1 Be6 15. Nd5 Ng4 16. Ng5 Ne5 17. Qh5 h6 18. Nxe6 fxe6 19. Ne7 d5 20. exd5 Qxe7
21. Qxe5 Rf6 22. Rbe1 Re8 23. Qe4 g6 24. Qxd4 Kh7 25. f4 Kg7 26. f5 e5 27. Qg4 g5 28. h4 Qd7 29. hxg5 hxg5 30. Qxg5+ Kf7
31. Qh5+ Ke7 32. Rxe5+ Kd8 33. Rxe8+ Qxe8
0-1

[Event "knights of the square table( all play all )"]
[Site "SchemingMind.com"]
[Date "2013.07.20"]
[Round "-"]
[White "Iucounu"]
[Black "Simon Green"]
[Result "0-1"]
[WhiteCountry "ENG"]
[BlackCountry "ENG"]
[WhiteElo "1525"]
[WhiteRD "62"]
[BlackElo "1556"]
[BlackRD "82"]
[GameID "335165"]

1. e4 e6 2. d4 d5 3. Nc3 Nf6 4. Bg5 Be7 5. e5 Nfd7 6. h4 Bxg5 7. hxg5 Qxg5 8. Nh3 Qe7 9. Nf4 O-O 10. Qg4 f5
11. Qh4 Qxh4 12. Rxh4 Nb6 13. b3 g5 14. Rh3 gxf4 15. O-O-O Nc6 16. Be2 Bd7 17. Kb2 Ne7 18. a3 Ng6 19. Bb5 a6 20. Bxd7 Nxd7
21. f3 Kh8 22. Rdh1 Rf7 23. Ne2 c5 24. c3 cxd4 25. cxd4 Rc8 26. g3 fxg3 27. Rxg3 Ndf8 28. f4 Rfc7 29. Rhh3 Rc2+
0-1

[Event "knights of the square table( all play all )"]
[Site "SchemingMind.com"]
[Date "2013.07.21"]
[Round "-"]
[White "cnile"]
[Black "Kenny Elliott"]
[Result "0-1"]
[WhiteCountry "SCO"]
[BlackCountry "USA"]
[WhiteElo "1443"]
[WhiteRD "64"]
[BlackElo "1418"]
[BlackRD "105"]
[GameID "335171"]

1. Nf3 Nf6 2. d4 d5 3. Bg5 Bg4 4. e3 e6 5. h3 Bxf3 6. Qxf3 Be7 7. c4 Ne4 8. Bxe7 Qxe7 9. cxd5 Qb4+ 10. Nc3 Nxc3
11. dxe6 Nxa2+ 12. Kd1 Qb3+
0-1

[Event "knights of the square table( all play all )"]
[Site "SchemingMind.com"]
[Date "2013.07.20"]
[Round "-"]
[White "Simon Green"]
[Black "Iucounu"]
[Result "1-0"]
[WhiteCountry "ENG"]
[BlackCountry "ENG"]
[WhiteElo "1589"]
[WhiteRD "70"]
[BlackElo "1490"]
[BlackRD "63"]
[GameID "335172"]

1. d4 Nf6 2. e3 g6 3. Bd3 Bg7 4. f4 O-O 5. Nf3 d5 6. O-O c5 7. c3 c4 8. Bc2 Bg4 9. Nbd2 Nbd7 10. Qe1 h5
11. Ne5 Nxe5 12. fxe5 Nd7 13. e4 Be6 14. exd5 Bxd5 15. Qe2 e6 16. Nxc4 Nb6 17. Bd3 Nxc4 18. Bxc4 a6 19. Bxd5 Qxd5 20. b4 b5
21. Bg5 Kh7 22. Qf2 Bh6 23. Bxh6 Kxh6 24. Qe3+ Kh7 25. Rf6 Ra7 26. Qf3 Qxf3 27. gxf3 a5 28. a3 a4 29. h4 Rc7 30. Rc1 Kg7
31. Kf2 Rc4 32. Ke3 Kg8 33. Kd3 Kg7 34. f4 Rc7 35. Rg1 Kh7 36. Rc1 Kg7 37. c4 Rfc8 38. c5 Rc6 39. Ke4 Rd8 40. Rd1 Rc7
41. d5 exd5+ 42. Rxd5 Rxd5 43. Kxd5 Re7 44. Kc6 Re6+ 45. Rxe6 fxe6 46. Kd7
1-0

[Event "knights of the square table( all play all )"]
[Site "SchemingMind.com"]
[Date "2013.07.29"]
[Round "-"]
[White "jpetric"]
[Black "Clive Everill"]
[Result "0-1"]
[WhiteCountry "USA"]
[BlackCountry "CZE"]
[WhiteElo "1513"]
[WhiteRD "66"]
[BlackElo "1751"]
[BlackRD "54"]
[GameID "335516"]

1. e4 c6 2. Nc3 g6 3. Nf3 Bg7 4. Bc4 d6 5. d3 Bg4 6. h3 Bxf3 7. Qxf3 e6 8. d4 Bxd4 9. O-O b5 10. Nxb5 cxb5
11. e5 d5 12. Bxb5+ Nd7 13. c4 a6 14. Ba4 Bxe5 15. cxd5 exd5 16. Qxd5 f6 17. Re1 Ne7 18. Qe6 Ra7 19. Bb3 Rf8 20. f4 Bd4+
21. Be3 Bxe3+ 22. Rxe3 Nc5 23. Qc6+ Nd7 24. Rae1 Qb6 25. Qe4 Nc5 26. Ba4+ Nxa4 27. Qxa4+ Qb5 28. Qc2 Kf7 29. a4 Qb6 30. Kh1 Nf5
31. Rb3 Qd4 32. Rd1 Qxf4 33. Rf3 Qe5 34. Qc4+ Kg7 35. Rxf5 Qxf5 36. Qd4 Rff7 37. Qc4 Rfc7 38. Qb4 Rab7 39. Qa3 Rc2 40. b4 Rbc7
41. a5 Qf2 42. Rg1 Ra2 43. Qd3 Rcc2 44. Qxa6 Qg3 45. Qb7+ Kh6 46. a6 Qxh3+ 47. gxh3 Rh2#
0-1

[Event "knights of the square table( all play all )"]
[Site "SchemingMind.com"]
[Date "2013.07.30"]
[Round "-"]
[White "Clive Everill"]
[Black "jpetric"]
[Result "1-0"]
[WhiteCountry "CZE"]
[BlackCountry "USA"]
[WhiteElo "1720"]
[WhiteRD "54"]
[BlackElo "1474"]
[BlackRD "70"]
[GameID "335520"]

1. e4 e5 2. f4 Nc6 3. Nf3 Qf6 4. Bc4 h6 5. O-O Qxf4 6. d4 Qxe4 7. Bxf7+ Kxf7 8. Ng5+ Ke8 9. Nxe4 Nf6 10. Nxf6+ gxf6
11. Rxf6 Nxd4 12. Qh5+ Kd8 13. Na3 d6 14. Bg5 Nf5 15. Rxf8+
1-0

[Event "knights of the square table( all play all )"]
[Site "SchemingMind.com"]
[Date "2013.09.18"]
[Round "-"]
[White "simpet"]
[Black "spoke"]
[Result "1-0"]
[WhiteCountry "ENG"]
[BlackCountry "GER"]
[WhiteElo "1710"]
[WhiteRD "57"]
[BlackElo "1782"]
[BlackRD "65"]
[GameID "338539"]

1. e4 e5 2. Nf3 Nc6 3. Bc4 Nf6 4. d3 Bc5 5. Bg5 h6 6. Bh4 d6 7. a3 Bg4 8. Nbd2 g5 9. Bg3 Nd4 10. h3 Bh5
11. c3 Nxf3+ 12. Nxf3 Qd7 13. Qb3 O-O-O 14. Nd2 Bg6 15. f3 Nh5 16. Bh2 Nf4 17. Bxf4 exf4 18. d4 Bb6 19. Bb5 Qe7 20. O-O-O f5
21. exf5 Bxf5 22. Rde1 Qf7 23. Qxf7
1-0

[Event "knights of the square table( all play all )"]
[Site "SchemingMind.com"]
[Date "2013.09.18"]
[Round "-"]
[White "spoke"]
[Black "simpet"]
[Result "1-0"]
[WhiteCountry "GER"]
[BlackCountry "ENG"]
[WhiteElo "1782"]
[WhiteRD "65"]
[BlackElo "1710"]
[BlackRD "57"]
[GameID "338543"]

1. e4 e5 2. Nf3 Nc6 3. Bc4 Bc5 4. d3 Nf6 5. c3 a6 6. O-O O-O 7. b4 Ba7 8. a4 d5 9. exd5 Nxd5 10. Bg5 f6
11. Be3 Kh8 12. Bxd5 Qxd5 13. c4 Qf7 14. b5 Ne7 15. Nc3 Bg4 16. Nxe5 Bxd1 17. Nxf7+ Rxf7 18. Raxd1 axb5 19. Bxa7 Rxa7 20. Nxb5 Rxa4
21. Nxc7 Nc6 22. Rfe1 h6 23. Nb5 Ne5 24. f4 Ng6 25. g3 Rd7 26. Nc3 Ra3 27. Nd5 Ra2 28. d4 Rd6 29. Re8+ Kh7 30. f5 Nh8
31. Re7 Rb2 32. Nf4 b6 33. Nh5 Kg8 34. Rxg7+ Kf8 35. Rc7 Rc2 36. Rc8+
1-0

[Event "knights of the square table( all play all )"]
[Site "SchemingMind.com"]
[Date "2013.10.04"]
[Round "-"]
[White "ray winteringham"]
[Black "CB"]
[Result "1-0"]
[WhiteCountry "ENG"]
[BlackCountry "ENG"]
[WhiteElo "1488"]
[WhiteRD "51"]
[BlackElo "1448"]
[BlackRD "79"]
[GameID "339127"]

1. e4 c5 2. b4 cxb4 3. d4 Nc6 4. d5 Ne5 5. Bf4 f6 6. Bxe5 fxe5 7. Nf3 d6 8. Bb5+ Bd7 9. Bxd7+ Qxd7 10. O-O Nf6
11. Qe1 O-O-O 12. Qxb4 Qc7 13. Nbd2 Kb8 14. Rab1 h6 15. a4 g5 16. Nc4 Nxe4 17. Ncxe5 dxe5 18. Qxe4 Rd6 19. Nxe5 Kc8 20. Nf7 Bg7
21. Nxd6+ exd6 22. Rb4 Kb8 23. h3 Bc3 24. Rb3 Rc8 25. Qg6 Be5 26. Rfb1 Qxc2 27. Rxb7+ Ka8 28. Qxc2
1-0

[Event "knights of the square table( all play all )"]
[Site "SchemingMind.com"]
[Date "2013.10.04"]
[Round "-"]
[White "CB"]
[Black "ray winteringham"]
[Result "0-1"]
[WhiteCountry "ENG"]
[BlackCountry "ENG"]
[WhiteElo "1448"]
[WhiteRD "79"]
[BlackElo "1488"]
[BlackRD "51"]
[GameID "339134"]

1. e4 e5 2. Nf3 d6 3. d4 exd4 4. Nxd4 Be7 5. Bc4 g6 6. O-O Nf6 7. f3 O-O 8. Nc3 c5 9. Bh6 Re8 10. Nd5 Nxd5
11. Bxd5 cxd4 12. Qxd4 Bf6 13. Qd2 Bxb2 14. Rab1 Bg7 15. Rxb7 Bxb7 16. Bxb7 Qb6+ 17. Kh1 Qxb7 18. Bf4 Be5 19. Bxe5 dxe5 20. c4 Nc6
21. Qd5 Rad8 22. Qc5 Nd4 23. a4 Rc8
0-1

[Event "knights of the square table( all play all )"]
[Site "SchemingMind.com"]
[Date "2013.10.04"]
[Round "-"]
[White "Clive Everill"]
[Black "Scooter"]
[Result "1-0"]
[WhiteCountry "CZE"]
[BlackCountry "USA"]
[WhiteElo "1764"]
[WhiteRD "54"]
[BlackElo "1743"]
[BlackRD "51"]
[GameID "339545"]

1. e4 c6 2. d4 d5 3. Nc3 dxe4 4. Nxe4 Bf5 5. Ng3 Bg6 6. N1e2 Nd7 7. h4 h6 8. Nf4 Bh7 9. Bc4 Ngf6 10. O-O e6
11. Re1 Be7 12. Bxe6 fxe6 13. Nxe6 Qb6 14. Nxg7+ Kd8 15. Ne6+ Kc8 16. b3 Bd6 17. Bxh6 Bg8 18. Be3 Nd5 19. Bg5 Bxe6 20. Rxe6 Kc7
21. c4 Bxg3 22. fxg3 Nb4 23. Bf4+ Kd8 24. c5 Qb5 25. Qg4 Nd5 26. Qg7 Nxf4 27. Qg5+ Kc8 28. Qxf4 Qa5 29. Rae1 Rd8 30. Re8 b5
31. Rxd8+ Qxd8 32. Qd6
1-0

[Event "knights of the square table( all play all )"]
[Site "SchemingMind.com"]
[Date "2013.10.07"]
[Round "-"]
[White "Scooter"]
[Black "Clive Everill"]
[Result "0-1"]
[WhiteCountry "USA"]
[BlackCountry "CZE"]
[WhiteElo "1743"]
[WhiteRD "51"]
[BlackElo "1764"]
[BlackRD "54"]
[GameID "339549"]

1. d4 Nf6 2. Nf3 e6 3. Bg5 h6 4. Bh4 d6 5. e3 g5 6. Bg3 Nh5 7. Be2 Bg7 8. Nxg5 Nxg3 9. Nxf7 Kxf7 10. hxg3 Nc6
11. Bh5+ Ke7 12. Qg4 Qf8 13. Qf3 Bd7 14. Nc3 Qg8 15. O-O-O Rf8 16. Qe4 Rxf2 17. Nd5+ Kd8 18. Qh4+ Kc8 19. Nf4 Qd8 20. Qxd8+ Kxd8
21. Bf3 e5 22. Nd3 Rxf3 23. gxf3 exd4 24. e4 Be6 25. a3 Ne5 26. Nxe5 dxe5 27. f4 exf4 28. gxf4 Bg4 29. Rdg1 h5 30. e5 Bh6
31. Kb1 Bf3 32. Rh3 Bg4 33. Rh4 Bg7 34. Kc1 Ke7 35. b4 Ke6 36. Rh2 Kf5 37. Rd2 Bh6 38. Rxd4 Bxf4+ 39. Kb1 Be3
0-1

[Event "knights of the square table( all play all )"]
[Site "SchemingMind.com"]
[Date "2013.10.23"]
[Round "-"]
[White "cnile"]
[Black "Simon Green"]
[Result "1/2-1/2"]
[WhiteCountry "SCO"]
[BlackCountry "ENG"]
[WhiteElo "1477"]
[WhiteRD "73"]
[BlackElo "1625"]
[BlackRD "57"]
[GameID "340588"]

1. Nf3 e6 2. d4 d5 3. c4 Nf6 4. Bg5 Be7 5. e3 Ne4 6. Bxe7 Qxe7 7. Bd3 f5 8. Nc3 Nxc3 9. bxc3 dxc4 10. Bxc4 Nc6
11. O-O O-O 12. Rb1 b6 13. Bb5 Bb7 14. Re1 a6 15. Ba4 b5 16. Bb3 Rad8 17. Qc1 Na5 18. Bd1 Be4 19. Rb4 Nc4 20. Nd2 Nxd2
21. Qxd2 Qg5 22. f3 Bd5 23. a4 c6 24. axb5 axb5 25. Qb2 f4 26. e4 Bc4 27. Bb3 Rf6 28. Bxc4 bxc4 29. e5 Rff8 30. Rxc4 Rc8
31. Rc5 Qd8 32. Qb3 Qd7 33. Ra1 Rb8 34. Qc2 Rb5 35. Rxb5 cxb5 36. Rb1 Rb8=
1/2-1/2

[Event "knights of the square table( all play all )"]
[Site "SchemingMind.com"]
[Date "2013.10.23"]
[Round "-"]
[White "Simon Green"]
[Black "cnile"]
[Result "1-0"]
[WhiteCountry "ENG"]
[BlackCountry "SCO"]
[WhiteElo "1618"]
[WhiteRD "61"]
[BlackElo "1467"]
[BlackRD "70"]
[GameID "340598"]

1. d4 Nf6 2. e3 d5 3. Bd3 e6 4. f4 Bd6 5. Nf3 Bd7 6. O-O c5 7. c3 c4 8. Bc2 a6 9. Nbd2 b5 10. Ne5 Nc6
11. Qe1 Ne7 12. Qg3 Ng6 13. Nxg6 hxg6 14. Nf3 Qc7 15. Ne5 Ng8 16. Bxg6 Bc8 17. Nxf7 Kd7 18. Nxh8 Kc6 19. Nf7 Nf6 20. Ne5+ Kb6
21. Qe1 Bb7 22. Bd2 Rh8 23. b4 Qe7 24. f5 Bc8 25. a4 Ng4 26. Nxg4 Qg5 27. Ne5 Qh6 28. h3 Bxe5 29. dxe5 exf5 30. Bxf5 Bxf5
31. Rxf5
1-0

[Event "knights of the square table( all play all )"]
[Site "SchemingMind.com"]
[Date "2013.11.12"]
[Round "-"]
[White "ray winteringham"]
[Black "simpet"]
[Result "0-1"]
[WhiteCountry "ENG"]
[BlackCountry "ENG"]
[WhiteElo "1488"]
[WhiteRD "51"]
[BlackElo "1710"]
[BlackRD "63"]
[GameID "341763"]

1. e4 e5 2. Nf3 d6 3. Bc4 Bg4 4. h3 Bh5 5. O-O Be7 6. d3 Nf6 7. Be3 a6 8. Nbd2 Nc6 9. Qe1 Na5 10. Bb3 Nxb3
11. axb3 O-O 12. c4 b5 13. Qc1 b4 14. Ra5 c5 15. Qa1 Qc8 16. Qa2 Bd8 17. Ra4 h6 18. Qb1 Nh7 19. Qc2 f6 20. Rfa1 a5
21. Ne1 Bg6 22. R4a2 Ng5 23. Bxg5 fxg5 24. f3 Rf4 25. Nf1 Bc7 26. Nh2 Qf8 27. g3 Rf6 28. Ng2 Bh5 29. g4 Bg6 30. Ne3 Bf7
31. Rf1 Be6 32. Raa1 Ra7 33. Rad1 Bd8 34. Rf2 Raf7 35. Kg2 h5 36. gxh5 Rh6 37. Nhg4 Rxh5 38. Rh1 Rf4 39. Rff1 g6 40. Qe2 Qf7
41. Rhg1 Qh7 42. Ra1 Rf7 43. Rh1 Qh8 44. Rh2 Rfh7 45. Rah1 Kg7 46. Qf2 Qe8 47. h4 gxh4 48. Rh3 Qf8 49. R1h2 Qf4 50. Nd5 Bxd5
51. exd5 Rh8 52. Kf1 Rf5 53. Qe2 g5 54. Rg2 Re8 55. Qf2 Qc1+ 56. Qe1 Qxe1+ 57. Kxe1 Ref8 58. Ne3 Rxf3 59. Rxf3 Rxf3 60. Ke2 Rf4
61. Ng4 Kg6 62. Nh2 Kh5 63. Ke3 g4
0-1

[Event "knights of the square table( all play all )"]
[Site "SchemingMind.com"]
[Date "2013.11.12"]
[Round "-"]
[White "simpet"]
[Black "ray winteringham"]
[Result "1-0"]
[WhiteCountry "ENG"]
[BlackCountry "ENG"]
[WhiteElo "1710"]
[WhiteRD "63"]
[BlackElo "1488"]
[BlackRD "51"]
[GameID "341773"]

1. e4 e5 2. Bc4 Nf6 3. d3 Be7 4. Nf3 d6 5. h3 h6 6. Nc3 c6 7. d4 Qc7 8. Bb3 O-O 9. Qd2 Be6 10. d5 cxd5
11. exd5 Bd7 12. O-O Na6 13. Re1 Nc5 14. Bc4 b6 15. Nb5 Qb7 16. Nc3 Nh5 17. b4 Nf6 18. bxc5 bxc5 19. Rb1 Qc7 20. Nb5 Bxb5
21. Rxb5 a6 22. Ra5 Qc8 23. Re3 Qd8 24. Nh2 Nd7 25. Rg3 Bg5 26. Rxg5 hxg5 27. Ra3 a5 28. Rg3 f6 29. Qd3 Qe7 30. Qf5 Rab8
31. c3 Nb6 32. Bd3 Nxd5 33. Bc4 Qf7 34. Rf3 g6 35. Qd3
1-0

[Event "knights of the square table( all play all )"]
[Site "SchemingMind.com"]
[Date "2013.12.04"]
[Round "-"]
[White "Clive Everill"]
[Black "Simon Green"]
[Result "1-0"]
[WhiteCountry "CZE"]
[BlackCountry "ENG"]
[WhiteElo "1740"]
[WhiteRD "54"]
[BlackElo "1625"]
[BlackRD "57"]
[GameID "343130"]

1. e4 e6 2. d4 d5 3. Nd2 Nf6 4. e5 Nfd7 5. Bd3 c5 6. c3 c4 7. Bc2 b5 8. a3 Nc6 9. f4 f5 10. exf6 Nxf6
11. Ngf3 a5 12. O-O a4 13. Re1 Bd6 14. Nf1 O-O 15. Ng5 g6 16. Nxe6 Bxe6 17. Rxe6 Qc7 18. g3 Rae8 19. Rxe8 Rxe8 20. Bd2 Ne4
21. Be3 Na5 22. Qf3 Nb3 23. Rd1 Qe7 24. f5 Rf8 25. g4 Ng5 26. Bxg5 Qf7 27. f6 Re8 28. Ne3 Rd8 29. Kh1 Rd7 30. Qxd5 Qxd5+
31. Nxd5 Kf7 32. h4 h5 33. gxh5 gxh5 34. Re1 Bg3 35. Re7+
1-0

[Event "knights of the square table( all play all )"]
[Site "SchemingMind.com"]
[Date "2013.12.04"]
[Round "-"]
[White "Simon Green"]
[Black "Clive Everill"]
[Result "0-1"]
[WhiteCountry "ENG"]
[BlackCountry "CZE"]
[WhiteElo "1587"]
[WhiteRD "53"]
[BlackElo "1702"]
[BlackRD "52"]
[GameID "343133"]

1. d4 d5 2. e3 Nf6 3. Bd3 g6 4. f4 Bg7 5. Nf3 O-O 6. O-O c5 7. c3 b6 8. Nbd2 Ba6 9. Bxa6 Nxa6 10. Qe1 e6
11. Ne5 cxd4 12. exd4 Rc8 13. Ndf3 h6 14. Qg3 Ne4 15. Qg4 h5 16. Qh4 Bf6 17. Qe1 Nc7 18. Ng5 Bxe5 19. Nxe4 Bxf4 20. Bxf4 dxe4
21. Qxe4 Nd5 22. Bg3 Qd7 23. Be5 Kh7 24. Bf6 Nxf6 25. Rxf6 Qb5 26. Raf1 Rc7 27. R1f2 a5 28. Qe5 Qd7 29. R2f3 b5 30. Rh3 Rh8
31. g4 Kg8 32. gxh5 Rxh5 33. Rxh5 gxh5 34. Qxh5 Kf8 35. Qg5 Qe7 36. h4 b4 37. h5 bxc3 38. bxc3 Rxc3 39. h6 Rg3+ 40. Qxg3 Qxf6
41. Qd6+ Kg8 42. d5 Qd4+ 43. Kh2 exd5 44. Kg3 Qd3+ 45. Kf4 Qe4+ 46. Kg5 Qg2+ 47. Kf6 Qf3+ 48. Ke7 Qe4+ 49. Kd7 Qf5+ 50. Kc7 Qc2+
51. Kd7 Qg2 52. Qf6 Qg6 53. Qd8+ Kh7 54. Qxa5 Qe6+ 55. Kd8 Kxh6 56. a4 Qd6+ 57. Kc8 d4 58. Qd2+ Kg7 59. a5 f6 60. Qg2+ Kf7
61. Qb7+ Ke8 62. a6 Qd8#
0-1

[Event "knights of the square table( all play all )"]
[Site "SchemingMind.com"]
[Date "2014.01.06"]
[Round "-"]
[White "Clive Everill"]
[Black "simpet"]
[Result "0-1"]
[WhiteCountry "CZE"]
[BlackCountry "ENG"]
[WhiteElo "1702"]
[WhiteRD "52"]
[BlackElo "1690"]
[BlackRD "67"]
[GameID "344928"]

1. e4 c5 2. Nf3 Nc6 3. Bb5 a6 4. Bxc6 bxc6 5. O-O e6 6. e5 Ne7 7. Nc3 Nd5 8. Ne4 Be7 9. c4 Nb6 10. b3 d5
11. exd6 Bxd6 12. Nxd6+ Qxd6 13. Bb2 f6 14. Ba3 O-O 15. d4 Nd7 16. dxc5 Qf4 17. g3 Qf5 18. Nd4 Qh3 19. f4 e5 20. fxe5 Nxe5
21. Rf4 Bg4 22. Qf1 Qh5 23. Qg2 Rad8 24. Nxc6 Nf3+ 25. Kh1 Rd2 26. Ne7+ Kh8 27. Qxd2 Nxd2 28. c6 Nf3 29. h4 Nxh4 30. gxh4 Qxh4+
31. Kg2 Rd8 32. Bb4 Rd3 33. Be1 Qh3+ 34. Kg1 Qe3+ 35. Rf2 Qxe7 36. Ba5 Rg3+ 37. Kh2 Rh3+ 38. Kg1 Qe4
0-1

[Event "knights of the square table( all play all )"]
[Site "SchemingMind.com"]
[Date "2014.01.06"]
[Round "-"]
[White "simpet"]
[Black "Clive Everill"]
[Result "1-0"]
[WhiteCountry "ENG"]
[BlackCountry "CZE"]
[WhiteElo "1690"]
[WhiteRD "67"]
[BlackElo "1702"]
[BlackRD "52"]
[GameID "344930"]

1. Nf3 d5 2. e3 Nc6 3. Be2 e5 4. c4 Be6 5. b3 dxc4 6. bxc4 Be7 7. O-O Nf6 8. Bb2 e4 9. Ne1 O-O 10. a3 Na5
11. Qc2 Bf5 12. Nc3 Qd7 13. Rd1 Rfd8 14. Na4 b6 15. d4 exd3 16. Bxd3 Bxd3 17. Nxd3 Qf5 18. Nb4 Qh5 19. h3 Rxd1 20. Rxd1 Nxc4
21. Rd4 Nxb2 22. Qxc7 Re8 23. Nxb2 Bxb4 24. axb4 a5 25. Qxb6 axb4 26. Qxb4 Qf5 27. Nc4 Ne4 28. f3 Ng3 29. Qe1 Nh5 30. Nd6 Qd7
31. Nxe8 Qxe8 32. Qd2
1-0